<?xml version="1.0" encoding="UTF-8"?>
<marc:record xmlns:marc="http://www.loc.gov/MARC21/slim">
   <marc:leader>00000nam a2200000 a 4500</marc:leader>
   <marc:datafield ind1="1" ind2=" " tag="100">
      <marc:subfield code="a">Lott, Anna</marc:subfield>
      <marc:subfield code="4">aut</marc:subfield>
      <marc:subfield code="e">Verfasser/-in</marc:subfield>
   </marc:datafield>
   <marc:datafield ind1="0" ind2="0" tag="245">
      <marc:subfield code="a">Coco und Zack - Hexentiere in Gefahr</marc:subfield>
   </marc:datafield>
   <marc:datafield ind1="0" ind2="0" tag="245">
      <marc:subfield code="c">Lott, Anna</marc:subfield>
   </marc:datafield>
   <marc:datafield ind1=" " ind2="1" tag="264">
      <marc:subfield code="a">Hamburg</marc:subfield>
      <marc:subfield code="b">Carlsen</marc:subfield>
      <marc:subfield code="c">2024</marc:subfield>
   </marc:datafield>
   <marc:datafield ind1="1" ind2=" " tag="490">
      <marc:subfield code="a">Coco und Zack</marc:subfield>
      <marc:subfield code="v">2</marc:subfield>
   </marc:datafield>
   <marc:datafield ind1="1" ind2=" " tag="520">
      <marc:subfield code="a">Witziges Tierabenteuer für kleine Gruselfans&#xD;
Als eines Tages ein elternloses Ei vor dem Hexentierinternat liegt, ist die Aufregung groß. Wer hat es dort abgelegt? Und wer steckt wohl darin? Ein kleiner Rabe? Oder gar ein Drachenbaby? Hexenkatze Coco und Zauberhuthase Zack sind natürlich knabberkrass neugierig und helfen fleißig mit beim Brüten. Und Oberhexe Fieslandia ordnet gleich Unterricht für den zukünftigen Schul-Nachwuchs an, schließlich ist sie sehr für frühkindliche Förderung. Doch eines Nachts ist das Ei plötzlich verschwunden. Und damit nimmt ein neues fellsträubendes Abenteuer seinen Lauf.&#xD;
Ein Vorlesespaß für die ganze Familie&#xD;
»Knabberfurzlustig: Das verhexte Schulabenteuer überzeugt mit herrlich abgedrehten Figuren und viel Liebe zu aberwitzigen Details.« Stiftung Lesen über Band 1 von Coco und Zack </marc:subfield>
   </marc:datafield>
   <marc:datafield ind1=" " ind2=" " tag="020">
      <marc:subfield code="a">9783551558497</marc:subfield>
      <marc:subfield code="9">9783551558497</marc:subfield>
   </marc:datafield>
   <marc:datafield ind1=" " ind2=" " tag="020">
      <marc:subfield code="a">3551558493</marc:subfield>
      <marc:subfield code="9">3551558493</marc:subfield>
   </marc:datafield>
   <marc:datafield ind1=" " ind2=" " tag="041">
      <marc:subfield code="a">ger</marc:subfield>
   </marc:datafield>
   <marc:datafield ind1=" " ind2=" " tag="300">
      <marc:subfield code="a">142 Seiten</marc:subfield>
   </marc:datafield>
</marc:record>
